Представление документа в формате MARC21

Поле Инд. ПП Название Значение
Тип записи a
Библиографический уровень b
001 Контрольный номер 4672ff0c46fc46319d86ba5c6723a598
005 Дата корректировки 20241008123047.1
024 80 a Стандартный номер 10.1134/S1027451024020149
040 a Служба первич. каталог. Scopus
b Код языка каталог. eng
041 0_ a Код языка текста eng
097 a Костяева О.Г.
100 1_ a Автор Nikonov E. G.
c Титул (звания) старший научный сотрудник; доктор физико-математических наук; профессор (должность)
i 000089071
g Прочие сведения РИНЦ AuthorID: 10316 (http://elibrary.ru/author_items.asp?authorid=10316); Scopus Author ID: 6603099928 (https://www.scopus.com/authid/detail.uri?origin=resultslist&authorId=6603099928&zone=)
j Принадлежность неизвестного автора к последователям, ученикам, сторонникам, школе и т. д. государственный университет "Дубна"
k Кафедра системного анализа и управления; Институт системного анализа и управления
q Полное имя Никонов Эдуард Германович
u Дополнение Никонов Э. Г.
100 1_ a Автор Nazmitdinov R. G.
c Титул (звания) доктор физико-математических наук; профессор (должность)
i 000090996
g Прочие сведения РИНЦ AuthorID: 27609 (http://elibrary.ru/author_profile.asp?id= 27609); Scopus Author ID: 7004352313 (https://www.scopus.com/authid/detail.uri?authorId=7004352313); ResearcherID: G-4860-2016 (http://www.researcherid.com/rid/G-4860-2016)
j Принадлежность неизвестного автора к последователям, ученикам, сторонникам, школе и т. д. государственный университет "Дубна"
k Кафедра химии, новых технологий и материалов; Факультет естественных и инженерных наук
q Полное имя Назмитдинов Рашид Гиясович
u Дополнение Назмитдинов Р. Г.; Nazmitdinov Rashid Giyasovich
100 1_ a Автор Glukhovtsev P. I.
j Принадлежность неизвестного автора к последователям, ученикам, сторонникам, школе и т. д. государственный университет "Дубна"
c Титул (звания) магистр
q Полное имя Глуховцев Павел Игоревич
245 10 a Заглавие Manifestation of the Hexatic Phase in Confined Two-Dimensional Systems with Circular Symmetry
246 01 a Другая форма заглавия Проявление гексатической фазы в ограниченных двумерных системах с циркулярной симметрией
513 a передано и. о. проректора по научной работе и инновациям
b 30.05.2024
773 18 t Название источника Journal of Surface Investigation: X-Ray, Synchrotron and Neutron Techniques
b Сведения об издании Pleiades Publishing, Ltd.
c Russia
d Место и дата издания 2024
m Специф. данные входит в Белый список; входит в Scopus; входит в wos; входит в ядро РИНЦ; журнал из перечня ВАК; ненулевой импакт-фактор;
q У4 Белый список; Q4 Scopus 2023
x ISSN 1027-4510
g Прочая информация V. 18. - P. 248–254
w Контрольный № источника 9e0f42271c054bf28013059654418919
p J. Surf. Ingestig.-X-Ray Synchro.
o Прочие индексы scopus 0.24
n Примечание Поверхность. Рентгеновские, синхротронные и нейтронные исследования
901 t Тип документа b
952 c Вид литературы статья в журнале